[Event "Bavarian Open"]
[Site "Tegernsee GER"]
[Date "2024.11.03"]
[EventDate "2024.10.26"]
[Round "9.20"]
[Result "1-0"]
[White "A Zude"]
[Black "Mat Bach"]
[WhiteElo "2332"]
[BlackElo "2205"]
[PlyCount "64"]

1. e4 c5 2. Nf3 Nc6 3. d4 cxd4 4. Nxd4 e5 5. Nb5 d6 6. c4 Nf6 7. Bd3 a6 8. N5c3
g6 9. O-O Bg7 10. h3 O-O 11. Bg5 Be6 12. Qd2 Nd4 13. Nd5 Bxd5 14. cxd5 h6 15.
Bxh6 Bxh6 16. Qxh6 Nh5 17. g3 Qb6 18. Nd2 Qxb2 19. Kg2 Qc3 20. Qe3 b5 21. Rfc1
Qa3 22. Bf1 Qb4 23. a4 Rfc8 24. Rcb1 Qc5 25. axb5 axb5 26. Rxa8 Rxa8 27. Bxb5
Ra3 28. Bd3 Kg7 29. Nc4 Rc3 30. Rc1 Rb3 31. Nxe5 Qa3 32. Nc4 1-0